Loading...
| Literature - American Lit | 0 | 5 | 0 | 1 | 50 | 78 | 125.40 | 0 | 5 |
| Science - Biology | 2 | 2 | 2 | 0 | 40 | 56 | 80.50 | 3 | 4 |
| Literature - Euro Lit | 0 | 3 | 0 | 0 | 30 | 95 | 119.67 | 1 | 3 |
| Arts - Painting | 1 | 1 | 0 | 1 | 25 | 72 | 87.00 | 2 | 2 |
| Literature - World Lit | 0 | 3 | 1 | 1 | 25 | 114 | 128.33 | 0 | 3 |
| Thought - Social Science | 0 | 1 | 0 | 0 | 10 | 87 | 87.00 | 1 | 1 |
| Other - Other Academic | 0 | 1 | 0 | 0 | 10 | 81 | 81.00 | 1 | 1 |
| Other - Pop Culture | 0 | 1 | 0 | 0 | 10 | 98 | 98.00 | 0 | 1 |
| Science - Chemistry | 0 | 1 | 0 | 0 | 10 | 86 | 86.00 | 1 | 1 |
| Beliefs - Religion | 0 | 1 | 1 | 0 | 5 | 105 | 105.00 | 0 | 1 |
| Science - Physics | 0 | 1 | 1 | 1 | 5 | 136 | 136.00 | 0 | 1 |
| Literature - British Lit | 0 | 0 | 1 | 0 | -5 | 0.00 | 0 | 0 | |
| Arts - Other Arts | 0 | 0 | 1 | 0 | -5 | 0.00 | 0 | 0 |